000 01582cam a2200385 i 4500
001 73123
003 Mx-PuUPA
005 20251007131148.0
008 251007s1996 sp |||||r|||| 00| e spa d
017 _aM-1537-1996
020 _a9788479142117
040 _aMx-PuUPA
_bspa
_cMx-PuUPA
_dMx-PuUPA
_erda
041 1 _aspa
_hfre
100 1 _aBlondel, Maurice,
_d1861-1949
_917563
_eautor
240 1 0 _aL'Action (1893). Essai d'une critique de la vie et d'une science de la practique.
_lEspañol
245 1 3 _aLa acción (1893) :
_bensayo de una crítica de la vida y de una ciencia de la práctica /
_cMaurice Blondel ; introducción, versión y notas de Juan María Isasi y César Izquierdo
250 _aPrimera edición
264 1 _aMadrid :
_bBiblioteca de Autores Cristianos,
_c1996
300 _alxxi, 546 páginas ;
_c20 cm
336 _2rdacontent
_atexto
_btxt
337 _2rdamedia
_asin medio
_bn
338 _2rdacarrier
_avolumen
_bnc
490 1 _aBiblioteca de Autores Cristianos ;
_v557
650 7 _2armarc
_aActo (Filosofía)
650 7 _2armarc
_aHumanismo
650 7 _2armarc
_aÉtica
650 7 _2armarc
_aVida
650 7 _2armarc
_aFilosofía francesa
_ySiglo XIX-XX
765 _aBlondel, Maurice, 1861-1949
_tL'Action (1893). Essai d'une critique de la vie et d'une science de la practique.
830 0 _aBiblioteca de autores cristianos
_912038
_v557
942 _2ddc
_cLI
_h128.4
_iB65
999 _c73123
_d73123